Состояние борьбы с туберкулезом в ССР Грузии (Запись № 5184433)

Подробности
000 -МАРКЕР
контрольное поле 01073nam0a22002411 4500
001 - ИДЕНТИФИКАТОР ЗАПИСИ
контрольное поле rc\2636150
005 - ИДЕНТИФИКАТОР ВЕРСИИ
контрольное поле 20110531124159.3
035 ## - ДРУГИЕ СИСТЕМНЫЕ НОМЕРА
Идентификатор записи (NLR Aleph) 006944422
100 ## - ДАННЫЕ ОБЩЕЙ ОБРАБОТКИ
Данные общей обработки 20110531d1928 |||y0rusy50 ca
101 0# - ЯЗЫК РЕСУРСА
Язык текста, звукозаписи и т.д. грузинский
-- русский
102 ## - СТРАНА ПУБЛИКАЦИИ ИЛИ ПРОИЗВОДСТВА
Страна публикации Российская Федерация
105 ## - ПОЛЕ КОДИРОВАННЫХ ДАННЫХ: ТЕКСТОВЫЕ МАТЕРИАЛЫ, МОНОГРАФИЧЕСКИЕ
Кодированные данные о монографическом текстовом документе a z ||||y
200 1# - ЗАГЛАВИЕ И СВЕДЕНИЯ ОБ ОТВЕТСТВЕННОСТИ
Основное заглавие Состояние борьбы с туберкулезом в ССР Грузии
Первые сведения об ответственности Доклад члена Тубсекции НКЗ ССР Грузии д-ра мед. И. Абакелия, прив.-доц. Гос. ун-та
Последующие сведения об ответственности 4-й Всесоюз. туберкулезный съезд. Здравотдел Тифисполкома
210 ## - ПУБЛИКАЦИЯ, РАСПРОСТРАНЕНИЕ И ДР.
Место издания, распространения и т.д. Тифлис
Имя издателя, распространителя и т. д. Санпросвет
Дата издания, распространения и т.д. 1928
215 ## - ФИЗИЧЕСКАЯ ХАРАКТЕРИСТИКА
Специфическое обозначение материала и объем 20 с., 6 л. ил.; 20 с., 6 л. ил. парал. паг.
Другие сведения о физической характеристике ил.
Размеры 25 см
300 ## - ОБЩИЕ ПРИМЕЧАНИЯ
Текст примечания Текст парал. на рус. и груз. яз.
700 #1 - ИМЯ ЛИЦА - ПЕРВИЧНАЯ ОТВЕТСТВЕННОСТЬ
Начальный элемент ввода Абакелиа
Часть имени, кроме начального элемента ввода И. К.
Даты 1882-
Расширение инициалов личного имени Иосиф Константинович
801 #0 - ИСТОЧНИК ЗАПИСИ
Страна Российская Федерация
Организация NLR
Правила каталогизации psbo
801 #1 - ИСТОЧНИК ЗАПИСИ
Страна Российская Федерация
Организация ELAR
Источник данных rusmarc
852 ## - МЕСТОНАХОЖДЕНИЕ И ШИФР ХРАНЕНИЯ
Идентификатор организации NLR
Шифр хранения (Call Number) 86/539
942 ## - ДОПОЛНИТЕЛЬНЫЕ ЭЛЕМЕНТЫ ЗАПИСИ (АБИС)
Тип экземпляра АБИС Книга
980 ## - КОЛЛЕКЦИЯ
Название коллекции Национальная библиография
Экземпляры
Тип экземпляра Дата поступления Библиотека постоянного хранения Библиотека текущего хранения Место хранения Шифр хранения Штрих-код Статус экземпляра
Книга 26.10.2013 РНБ (Садовая) РНБ (Садовая) Русский книжный фонд -Главное здание, Ленинский читальный зал 86/539 6944422-10